000 00365nam a2200145Ia 4500
008 230917s9999||||xx |||||||||||||| ||und||
040 _e142291
_aMAIN
041 _aEnglish
082 _a364.09 G352C
100 _aGibbons, Don C
245 4 _aThe criminological enterprise
260 _aNew Jersey
_bPrentice-Hall
_c1979
300 _axiii, 256 p.
942 _cBK
999 _c210410
_d210410